000 01001nam a2200277 i 4500
001 bg
003 KOSZ 005
005 20200630132821.0
008 080918s1957 pl a f 001 0 pol
015 _aPB 1957/4245
040 _aWA N
_cKOSZ 005/RW
_dKOSZ 005/RW
080 _a517
100 1 _aKrzyżański, Mirosław
_d(1907-1965).
_eAutor
245 1 0 _aRównania różniczkowe cząstkowe rzędu drugiego.
_nCz. 1 /
_cMirosław Krzyżański.
260 _aWarszawa :
_bPaństwowe Wydawnictwo Naukowe,
_c1957.
300 _a617, [1] s. :
_bil. ;
_c25 cm.
380 _aKsiążki.
490 1 _aBiblioteka Matematyczna ;
_vt. 15.
504 _aBibliogr. s. [595]-598. Indeks.
650 4 _aRównania różniczkowe
655 4 _aPodręcznik
710 2 _aPaństwowe Wydawnictwo Naukowe
_4pbl.
830 0 _aBiblioteka Matematyczna,
_vt. 15.
856 _uhttp://koha.tu.koszalin.pl/cgi-bin/koha/opac-detail.pl?biblionumber=10867
_yKatalog online BPK
942 _2UKD
_cKS
999 _c10867
_d10867